Manual práctico de museología, museografía y técnicas expositivas

Wedi'i Gadw mewn:
Manylion Llyfryddiaeth
Prif Awdur: Rico, Juan Carlos (Awdur)
Fformat: Llyfr
Iaith:Sbaeneg
Cyhoeddwyd: Madrid Silex 2010
Rhifyn:1a. ed
Pynciau:
Tagiau: Ychwanegu Tag
Dim Tagiau, Byddwch y cyntaf i dagio'r cofnod hwn!

MARC

LEADER 00000cam a2200000 a 4500
001 UCD4797
003 CL-VaPUC
008 160722e20100000sp |||||||||||||||||spa|d
020 |a 9788477371687 
082 0 4 |a 708  |b RIC  |2 21 
100 0 |a Rico, Juan Carlos  |e author  |9 588519 
245 1 0 |a Manual práctico de museología, museografía y técnicas expositivas 
250 |a 1a. ed 
300 |a 253 p 
942 |c BK 
945 |d 20160722 23:21:00  |a dcastane 
260 |a Madrid  |b Silex  |c 2010 
650 0 |a Museos  |9 269209 
650 7 |a MUSEOLOGIA  |2 CL-VaPUC  |9 449670 
650 0 |a Arquitectura de museos   |9 348047 
583 |a last modification  |c 20160722 23:21:00  |k Rodrigo Vera 
999 |c 365629  |d 365627 
952 |0 0  |1 0  |3 erb  |4 0  |6 708_000000000000000_RIC_2010  |7 0  |8 A  |9 479516  |a BIBARQ  |b BIBARQ  |i 5298415  |l 7  |o 708 RIC 2010  |p 5298415  |r 2025-01-20  |s 2023-03-28  |w 2019-11-24  |y BK  |z Catalogado en:20160722  |k ARQ